[Event "AUT-chT2O 1112"]
[Site "Austria"]
[Date "2011.10.15"]
[Round "1.4"]
[White "Hofmann, Thomas"]
[Black "Weissenbeck, Manuel"]
[Result "1/2-1/2"]
[WhiteElo "2060"]
[BlackElo "2300"]
[PlyCount "60"]
[EventDate "2011.10.15"]
[EventType "team-tourn"]
[EventRounds "11"]
[EventCountry "AUT"]
[SourceTitle "EXT 2013"]
[Source "ChessBase"]
[SourceDate "2012.11.22"]
[SourceVersion "1"]
[SourceVersionDate "2012.11.22"]
[SourceQuality "1"]
[WhiteTeam "Niederabsdorf"]
[BlackTeam "Eichgraben"]
[WhiteTeamCountry "AUT"]
[BlackTeamCountry "AUT"]

1. d4 Nf6 2. c4 e6 3. Nc3 Bb4 4. a3 Bxc3+ 5. bxc3 h6 6. f3 d6 7. e4 b6 8. Bd3 e5 9. Ne2 c5 10. 0-0 Nc6 11. d5 Na5 12. Ng3 g5 13. Nf5 Bxf5 14. exf5 Qd7 15. Rb1 0-0-0 16. Rb5 Ne8 17. Be3 Nc7 18. Rb2 f6 19. Qc2 Rdg8 20. g4 h5 21. Bf2 hxg4 22. fxg4 Rh3 23. Bg3 Rgh8 24. Re1 Kb7 25. Bf1 R3h7 26. a4 a6 27. Reb1 Na8 28. Re1 Ka7 29. Ra2 Nc7 30. Qe4 Qe8 1/2-1/2

[Event "AUT-chT2O 1011"]
[Site "Austria"]
[Date "2011.03.13"]
[Round "11.4"]
[White "Pisk, Petr"]
[Black "Weissenbeck, Manuel"]
[Result "1-0"]
[WhiteElo "2313"]
[BlackElo "2316"]
[PlyCount "79"]
[EventDate "2010.10.02"]
[EventType "team-tourn"]
[EventRounds "11"]
[EventCountry "AUT"]
[SourceTitle "EXT 2012"]
[Source "ChessBase"]
[SourceDate "2011.11.24"]
[SourceVersion "1"]
[SourceVersionDate "2011.11.24"]
[SourceQuality "1"]
[WhiteTeam "Zwettl"]
[BlackTeam "Eichgraben"]
[WhiteTeamCountry "AUT"]
[BlackTeamCountry "AUT"]

1. d4 Nf6 2. Nf3 e6 3. Bg5 h6 4. Bh4 g5 5. Bg3 b6 6. e3 Bb7 7. Nbd2 d6 8. h3 Nbd7 9. c3 Bg7 10. Bd3 Qe7 11. Qe2 a5 12. e4 Nh5 13. Bh2 Nf4 14. Bxf4 gxf4 15. 0-0-0 a4 16. a3 h5 17. h4 e5 18. Kb1 Kd8 19. g3 fxg3 20. fxg3 exd4 21. Nxd4 Bxd4 22. cxd4 f5 23. Rhe1 fxe4 24. Bxe4 Bxe4+ 25. Qxe4 Qxe4+ 26. Nxe4 Re8 27. Ng5 Rxe1 28. Rxe1 Ra5 29. Nf7+ Kc8 30. Re8+ Kb7 31. Re7 Kc8 32. Re8+ Kb7 33. Nd8+ Ka6 34. Re7 Nf6 35. Ne6 Rf5 36. Nxc7+ Ka5 37. Rf7 Rf1+ 38. Ka2 Rf2 39. Rf8 b5 40. Nd5 1-0